[Event "Saint Quentin op"]
[Site "Saint Quentin"]
[Date "2000.??.??"]
[Round "3"]
[White "Legky, Nikolay A"]
[Black "Bogdanov, Emil"]
[Result "1/2-1/2"]
[WhiteElo "2494"]
[BlackElo "2236"]
[PlyCount "39"]
[EventDate "2000.??.??"]
[Source "www.chesslib.no"]
[SourceDate "2004.05.04"]

1. d4 Nf6 2. c4 e6 3. Nc3 Bb4 4. Qb3 c5 5. dxc5 Bxc5 6. Nf3 b6 7. Bg5 Be7 8. e4 d6 9. O-O-O Nbd7 10. e5 dxe5 11. Nxe5 Qc7 12. Nxd7 Bxd7 13. Nb5 Qe5 14. f4 Qc5 15. Kb1 a6 16. Nc3 Bc6 17. Bd3 O-O 18. Qc2 h6 19. Bh4 b5 20. cxb5 1/2-1/2

[Event "DDR Ch 27th"]
[Site "Eggesin"]
[Date "1978.??.??"]
[Round "13"]
[White "Starck, Bodo"]
[Black "Liebert, Heinz"]
[Result "1/2-1/2"]
[WhiteElo "2310"]
[BlackElo "2420"]
[PlyCount "39"]
[EventDate "1978.02.10"]
[Source "www.chesslib.no"]
[SourceDate "2004.05.04"]

1. d4 Nf6 2. c4 e6 3. Nc3 Bb4 4. Qb3 c5 5. dxc5 Na6 6. a3 Bxc5 7. Nf3 b6 8. Bg5 Bb7 9. e3 Be7 10. Be2 O-O 11. O-O Nc5 12. Qc2 Nfe4 13. Bxe7 Qxe7 14. b4 Nxc3 15. Qxc3 Ne4 16. Qb3 Rfd8 17. Rfd1 d5 18. Rac1 dxc4 19. Bxc4 h6 20. h3 1/2-1/2

[Event "Moscow RUS"]
[Site "?"]
[Date "1983.01.??"]
[Round "?"]
[White "Antoshin Vladimir S"]
[Black "Naumkin Igor"]
[Result "0-1"]
[WhiteElo "2250"]
[BlackElo "2479"]
[PlyCount "80"]
[EventDate "1983.??.??"]
[Source "www.chesslib.no"]
[SourceDate "2004.05.04"]

1. d4 Nf6 2. c4 e6 3. Nc3 Bb4 4. Qb3 Nc6 5. d5 Nd4 6. Qd1 c5 7. Bd2 exd5 8. cxd5 O-O 9. e3 Re8 10. Bd3 d6 11. Kf1 Nf5 12. Nge2 Ng4 13. Nf4 Bxc3 14. bxc3 Qh4 15. g3 Qf6 16. e4 Ne7 17. f3 Ne5 18. Be2 N7g6 19. Nh5 Qe7 20. f4 Nc4 21. Bf3 f5 22. exf5 Bxf5 23. Kf2 Qf7 24. Re1 Rxe1 25. Bxe1 Re8 26. Kg1 Be4 27. Bf2 Nb6 28. Bxe4 Rxe4 29. Qf3 Qxd5 30. Kg2 Nc4 31. Rd1 Qc6 32. Kh3 Nge5 33. Qh1 Qd7+ 34. Kg2 Ng4 35. Kg1 Qe8 36. h3 Nxf2 37. Kxf2 Re2+ 38. Kf1 Qe3 39. Nf6+ gxf6 40. Qd5+ Kh8 0-1

[Event "JUG Ch"]
[Site "Kladovo"]
[Date "1991.??.??"]
[Round "11"]
[White "Mukic, Josko"]
[Black "Brkljaca, Ante"]
[Result "1-0"]
[WhiteElo "2305"]
[BlackElo "2420"]
[PlyCount "95"]
[EventDate "1991.02.??"]
[Source "www.chesslib.no"]
[SourceDate "2004.05.04"]

1. d4 Nf6 2. c4 e6 3. Nc3 Bb4 4. Qb3 Nc6 5. Nf3 a5 6. a3 a4 7. Qc2 Bxc3+ 8. bxc3 d6 9. Bg5 h6 10. Bh4 Qe7 11. e3 e5 12. Be2 g5 13. Bg3 Nd7 14. Rb1 Kf8 15. h4 g4 16. Nd2 h5 17. O-O Kg7 18. Bd3 Nf6 19. Bf5 Bxf5 20. Qxf5 b6 21. Ne4 Ng8 22. f3 Nh6 23. Qxh5 f5 24. Qg5+ Qxg5 25. Nxg5 f4 26. exf4 Nf5 27. Ne4 Nxg3 28. Nxg3 exf4 29. Nf5+ Kg6 30. fxg4 Na5 31. c5 dxc5 32. dxc5 Nc4 33. Rxf4 Nxa3 34. Ra1 Nb5 35. Rfxa4 Rxa4 36. Rxa4 Nxc3 37. Rc4 Ne2+ 38. Kf2 b5 39. Re4 Nc3 40. Re6+ Kf7 41. Re7+ Kf6 42. Rxc7 Ke5 43. Kf3 Rb8 44. c6 Kd5 45. h5 Kc5 46. h6 b4 47. Rb7 Rc8 48. c7 1-0

[Event "Buenos Aires Open"]
[Site "Buenos Aires ARG"]
[Date "1990.??.??"]
[Round "1"]
[White "Soppe, Guillermo G"]
[Black "Schuster, Carlos D"]
[Result "1-0"]
[WhiteElo "2405"]
[BlackElo "2320"]
[PlyCount "75"]
[EventDate "1990.??.??"]
[Source "www.chesslib.no"]
[SourceDate "2004.05.04"]

1. d4 Nf6 2. c4 e6 3. Nc3 Bb4 4. Qb3 c5 5. dxc5 Na6 6. a3 Bxc5 7. Nf3 b6 8. Qc2 Bb7 9. b4 Be7 10. e4 O-O 11. Bd3 d6 12. O-O Nc7 13. Bb2 e5 14. Rad1 Ne6 15. Rfe1 Rc8 16. Bf1 Qc7 17. Qa4 a6 18. Rc1 Qb8 19. Nd5 Nxd5 20. cxd5 b5 21. Qb3 Nc7 22. Nxe5 dxe5 23. Bxe5 Bf6 24. Bg3 Rfd8 25. Be2 Bd4 26. Bg4 Qa7 27. Bxc8 Rxc8 28. Qf3 Ne8 29. Rxc8 Bxc8 30. Rc1 Bd7 31. e5 a5 32. bxa5 Qxa5 33. e6 fxe6 34. dxe6 Bxe6 35. Qe4 Bf7 36. Qxd4 Qxa3 37. Re1 Qa5 38. Ra1 1-0

[Event "NED Ch sf"]
[Site "Enschede NED"]
[Date "1990.??.??"]
[Round "8"]
[White "Pieterse, Gert"]
[Black "Van der Werf, Mark"]
[Result "1-0"]
[WhiteElo "2405"]
[BlackElo "2320"]
[PlyCount "71"]
[EventDate "1990.??.??"]
[Source "www.chesslib.no"]
[SourceDate "2004.05.04"]

1. d4 Nf6 2. c4 e6 3. Nc3 Bb4 4. Qb3 Qe7 5. a3 Bxc3+ 6. Qxc3 b6 7. Nf3 Bb7 8. e3 d6 9. Be2 Nbd7 10. b3 O-O 11. Bb2 c5 12. O-O Ne4 13. Qc2 f5 14. Ne1 Qg5 15. Bc1 cxd4 16. f3 dxe3 17. fxe4 Bxe4 18. Qc3 f4 19. Qd4 d5 20. cxd5 exd5 21. Bf3 Rae8 22. b4 Rf7 23. Bb2 Nf8 24. Rc1 Ng6 25. Qd1 Nh4 26. Qe2 Nf5 27. Bh5 g6 28. Bg4 Nh4 29. Ba1 h5 30. Qb2 Rh7 31. Rc7 Qh6 32. Rc8 Rhe7 33. Qf6 Qf8 34. Rxe8 Qxe8 35. Qh8+ Kf7 36. Qg7# 1-0

[Event "World Cities"]
[Site "Jakarta "]
[Date "1997.??.??"]
[Round "4"]
[White "Aris, TLS."]
[Black "Kaiumov, Dmitry D"]
[Result "0-1"]
[WhiteElo "2285"]
[BlackElo "2430"]
[PlyCount "99"]
[EventDate "1997.07.08"]
[Source "www.chesslib.no"]
[SourceDate "2004.05.04"]

1. d4 Nf6 2. c4 e6 3. Nc3 Bb4 4. Qb3 c5 5. dxc5 Na6 6. a3 Bxc5 7. Nf3 O-O 8. Bg5 Be7 9. e3 b6 10. Rd1 Bb7 11. Be2 Nc5 12. Qc2 Nce4 13. Nxe4 Nxe4 14. Bxe7 Qxe7 15. O-O Rfc8 16. Bd3 Nf6 17. Qe2 e5 18. Bf5 g6 19. Bh3 Rc7 20. Nd2 Ba6 21. e4 Re8 22. b4 Rec8 23. Rc1 Ne8 24. Rc3 Nd6 25. Rfc1 f6 26. g3 Nf7 27. f4 exf4 28. gxf4 Re8 29. Qf2 Nd6 30. Bg2 Bb7 31. Re1 Nf7 32. Rd3 d6 33. Qd4 Rd8 34. Rde3 Kg7 35. h4 Bc8 36. Rg3 Bb7 37. Ree3 Kh8 38. Nf3 Ba6 39. Bf1 Bc8 40. Be2 Nh6 41. Nd2 Be6 42. h5 gxh5 43. Bxh5 Rg8 44. Rxg8+ Kxg8 45. Rg3+ Kf8 46. Kf2 Bf7 47. Be2 Be6 48. f5 Bg8 49. Bh5 Qe5 50. Qe3 0-1

[Event "Open A"]
[Site "Zadar CRO"]
[Date "2007.12.17"]
[Round "3"]
[White "Kristovic, M."]
[Black "Ascic, P."]
[Result "1/2-1/2"]
[WhiteElo "2316"]
[BlackElo "2394"]
[PlyCount "133"]
[EventDate "2007.12.16"]
[Source "www.chesslib.no"]
[SourceDate "2004.05.04"]

1. d4 Nf6 2. c4 e6 3. Nc3 Bb4 4. Qb3 c5 5. e3 O-O 6. Bd3 Nc6 7. Nge2 d5 8. cxd5 exd5 9. dxc5 Bxc5 10. O-O a6 11. a3 Qd6 12. Qc2 Ba7 13. e4 d4 14. Bf4 Ne5 15. Nb1 Be6 16. Nd2 Rac8 17. Qb1 Nfd7 18. Bxe5 Nxe5 19. f4 Nxd3 20. Qxd3 f5 21. e5 Qd7 22. Kh1 Qb5 23. Qxb5 axb5 24. Nf3 Rfd8 25. Rfd1 Bb3 26. Rxd4 Bxd4 27. Nexd4 Bc2 28. Nxb5 Rd1+ 29. Rxd1 Bxd1 30. Nfd4 Rc1 31. h3 Ba4+ 32. Kh2 Bxb5 33. Nxb5 g6 34. b4 b6 35. Nd6 Kf8 36. g4 Rc2+ 37. Kg3 Rc3+ 38. Kh4 fxg4 39. hxg4 Rxa3 40. Kg5 Kg7 41. f5 h6+ 42. Kf4 gxf5 43. gxf5 Ra4 44. e6 Rxb4+ 45. Ke5 Rb1 46. f6+ Kg6 47. f7 Re1+ 48. Kd5 Kg7 49. Nf5+ Kf8 50. Nxh6 b5 51. Nf5 b4 52. Nd4 Re3 53. Kc4 b3 54. Nxb3 Rxe6 55. Kd5 Kxf7 56. Nd4 Re1 57. Nf5 Kf6 58. Nd4 Re5+ 59. Kd6 Ra5 60. Nc6 Ra6 61. Kd5 Ra1 62. Nd4 Ra6 63. Nc6 Ra8 64. Kd6 Rc8 65. Kd7 Rh8 66. Kd6 Rh1 67. Nd4 1/2-1/2

[Event "HUN Ch"]
[Site "Budapest HUN"]
[Date "1982.??.??"]
[Round "?"]
[White "Tolnai, Tibor"]
[Black "Lukacs, Peter"]
[Result "0-1"]
[WhiteElo "2230"]
[BlackElo "2470"]
[PlyCount "58"]
[EventDate "1982.12.??"]
[Source "www.chesslib.no"]
[SourceDate "2004.05.04"]

1. d4 Nf6 2. c4 e6 3. Nc3 Bb4 4. Qb3 c5 5. e3 O-O 6. Nf3 b6 7. Be2 Bb7 8. O-O Bxc3 9. Qxc3 Qe7 10. b3 d6 11. dxc5 bxc5 12. Bb2 Nbd7 13. Rfd1 e5 14. Qd2 Ne4 15. Qc2 f5 16. Ne1 Qh4 17. Bf3 Rf6 18. g3 Qg5 19. Qe2 Rh6 20. Bg2 Re8 21. Nd3 Ndf6 22. h3 Rg6 23. Ne1 Qh6 24. Nf3 Qh5 25. Qf1 Nxg3 26. fxg3 Rxg3 27. Ne1 Bxg2 28. Nxg2 Rxh3 29. Qd3 Ne4 0-1

[Event "Buenos Aires Konex"]
[Site "Buenos Aires ARG"]
[Date "1991.??.??"]
[Round "9"]
[White "Soppe, Guillermo G"]
[Black "Dorin, Mauricio"]
[Result "1-0"]
[WhiteElo "2420"]
[BlackElo "2280"]
[PlyCount "73"]
[EventDate "1991.03.??"]
[Source "www.chesslib.no"]
[SourceDate "2004.05.04"]

1. d4 Nf6 2. c4 e6 3. Nc3 Bb4 4. Qb3 c5 5. dxc5 Bxc5 6. Nf3 O-O 7. Bg5 Nc6 8. e3 Be7 9. Be2 b6 10. O-O h6 11. Bh4 Bb7 12. Rfd1 Rc8 13. Qa4 Na5 14. Ne5 d5 15. cxd5 Nxd5 16. Bg3 Bf6 17. Nxd5 exd5 18. Rab1 Re8 19. Ng4 Re4 20. Nxf6+ Qxf6 21. b4 Bc6 22. Qa3 Nc4 23. Qa6 Rce8 24. Bf3 Nb2 25. Bxe4 Nxd1 26. Rxd1 dxe4 27. b5 Bd7 28. h3 Qf5 29. a4 Be6 30. Qxa7 Qc5 31. Rd6 Bb3 32. a5 Qxb5 33. axb6 Bd5 34. Rxd5 Qxd5 35. b7 Qd1+ 36. Kh2 Qb1 37. b8=Q 1-0

[Event "Lugano op"]
[Site "Lugano"]
[Date "1999.03.12"]
[Round "3"]
[White "Barbero, Gerardo F"]
[Black "Held, M."]
[Result "1-0"]
[WhiteElo "2462"]
[BlackElo "2235"]
[PlyCount "37"]
[EventDate "1999.03.??"]
[Source "www.chesslib.no"]
[SourceDate "2004.05.04"]

1. d4 Nf6 2. c4 e6 3. Nc3 Bb4 4. Qb3 c5 5. dxc5 Bxc5 6. Nf3 b6 7. Bf4 O-O 8. Rd1 Bb7 9. e3 Qe7 10. Be2 d5 11. O-O Nbd7 12. cxd5 Nxd5 13. Nxd5 Bxd5 14. Qa4 Nf6 15. Bg5 Rfd8 16. e4 Bxe4 17. Bxf6 Qxf6 18. Qxe4 Qxb2 19. a4 1-0

[Event "Kecskemet Open"]
[Site "Kecskemet HUN"]
[Date "1985.??.??"]
[Round "8"]
[White "Tolnai, Tibor"]
[Black "Eperjesi, Laszlo"]
[Result "1-0"]
[WhiteElo "2305"]
[BlackElo "2390"]
[PlyCount "79"]
[EventDate "1985.??.??"]
[Source "www.chesslib.no"]
[SourceDate "2004.05.04"]

1. d4 Nf6 2. c4 e6 3. Nc3 Bb4 4. Qb3 c5 5. e3 b6 6. Nf3 Bb7 7. Be2 Nc6 8. O-O O-O 9. Rd1 Na5 10. Qc2 cxd4 11. Rxd4 Rc8 12. Bd2 Qe7 13. a3 Bc5 14. Rh4 Nc6 15. Rd1 h6 16. Ne4 Nxe4 17. Qxe4 Nd4 18. Qxb7 Nxf3+ 19. gxf3 Qxh4 20. Bc3 d5 21. cxd5 exd5 22. Rxd5 a5 23. f4 Rfd8 24. Rh5 Qe7 25. Qg2 Qf8 26. Rxh6 Rd6 27. Rxd6 Bxd6 28. Bd3 Rxc3 29. bxc3 Bxa3 30. Qe4 g6 31. Bc4 Kh7 32. f5 Qe7 33. fxg6+ fxg6 34. Qg4 Bd6 35. Bd3 Bxh2+ 36. Kf1 Qd6 37. Ke2 Be5 38. Qh5+ Kg7 39. Bxg6 Qxg6 40. Qxe5+ 1-0

[Event "Bayernliga 2003/04"]
[Site "?"]
[Date "2003.11.02"]
[Round "2.1"]
[White "Riedel Wolfgang"]
[Black "Anka Emil"]
[Result "1-0"]
[WhiteElo "2266"]
[BlackElo "2427"]
[PlyCount "107"]
[EventDate "2003.??.??"]
[Source "www.chesslib.no"]
[SourceDate "2004.05.04"]

1. d4 Nf6 2. c4 e6 3. Nc3 Bb4 4. Qb3 c5 5. dxc5 Bxc5 6. Nf3 O-O 7. Bg5 Be7 8. e3 b6 9. Rd1 Bb7 10. Be2 d6 11. O-O Nbd7 12. Qc2 a6 13. Bf4 Qc7 14. Bg3 Rfd8 15. Nd4 Rac8 16. Rc1 Qb8 17. Qb1 Qa8 18. f3 Bf8 19. Rfd1 g6 20. Nb3 Qb8 21. Nd2 Bh6 22. Nf1 Ne5 23. Rd4 Nh5 24. Bh4 g5 25. f4 gxh4 26. fxe5 Ng7 27. Rxh4 Nf5 28. Rh5 Kh8 29. g4 Rg8 30. Kf2 Rc5 31. gxf5 Rg2+ 32. Ke1 Qf8 33. f6 Rxe5 34. Rxe5 dxe5 35. Rd1 Bg5 36. Ne4 Bh4+ 37. Neg3 Qb4+ 38. Rd2 Bxf6 39. a3 Qf8 40. Rd7 Bc6 41. Rc7 Qe8 42. Qd3 Be7 43. b4 Kg7 44. b5 axb5 45. cxb5 Ba8 46. Qc3 Rxe2+ 47. Nxe2 Bh4+ 48. Nfg3 Qxb5 49. Qc4 Qb1+ 50. Nc1 Bg5 51. Qc3 Qb5 52. Nd3 Qb1+ 53. Kf2 Qd1 54. Nxe5 1-0

[Event "Nassau CC Ch"]
[Site "Mineola"]
[Date "1994.??.??"]
[Round "?"]
[White "Goregliad, Sergei"]
[Black "Bonin, Jay R"]
[Result "1-0"]
[WhiteElo "2310"]
[BlackElo "2380"]
[PlyCount "67"]
[EventDate "1994.10.17"]
[Source "www.chesslib.no"]
[SourceDate "2004.05.04"]

1. d4 Nf6 2. c4 e6 3. Nc3 Bb4 4. Qb3 c5 5. dxc5 Na6 6. Bg5 Qa5 7. Bxf6 gxf6 8. Rc1 Nxc5 9. Qc2 Qxa2 10. e3 Na4 11. Nge2 b6 12. f3 Nc5 13. Nd4 Ba6 14. Kf2 Bxc3 15. Qxc3 Na4 16. Qd2 Qxb2 17. Rc2 Qb1 18. g3 Nc5 19. Kg2 Nb3 20. Qb4 Nxd4 21. Qxb1 Nxc2 22. Qxc2 Rc8 23. Qa4 Bb7 24. Qxa7 Bc6 25. Qxb6 O-O 26. Qd4 f5 27. Bd3 f6 28. e4 Ra8 29. Ra1 Rxa1 30. Qxa1 Ra8 31. Qxf6 Ra2+ 32. Kh3 Rf2 33. Qg5+ Kf7 34. Qe3 1-0

[Event "Vysehrad-B"]
[Site "Prague CZE"]
[Date "1990.??.??"]
[Round "1"]
[White "Riedel, Wolfgang"]
[Black "Tichy, Vladimir"]
[Result "1-0"]
[WhiteElo "2305"]
[BlackElo "2380"]
[PlyCount "77"]
[EventDate "1990.??.??"]
[Source "www.chesslib.no"]
[SourceDate "2004.05.04"]

1. d4 Nf6 2. c4 e6 3. Nc3 Bb4 4. Qb3 c5 5. dxc5 Bxc5 6. Nf3 Qb6 7. Qxb6 Bxb6 8. e3 Nc6 9. Be2 d5 10. cxd5 Nxd5 11. Bd2 Nxc3 12. Bxc3 Ba5 13. Bxa5 Nxa5 14. O-O Nc6 15. Bb5 Bd7 16. Rfd1 Ke7 17. h3 Rhd8 18. Rac1 Rac8 19. a3 f6 20. b4 Ne5 21. Rxc8 Rxc8 22. Bxd7 Nxd7 23. Nd4 Nb6 24. Nb3 Na4 25. Rd3 e5 26. Nd2 Rc1+ 27. Kh2 Rd1 28. e4 Nb6 29. Rg3 Rxd2 30. Rxg7+ Ke6 31. Rxh7 Nd7 32. f3 Ra2 33. h4 Rxa3 34. h5 Rc3 35. Rh8 Rc7 36. h6 Kf7 37. Kg3 Nf8 38. h7 Rc8 39. Rg8 1-0

[Event "Sao Paulo zt"]
[Site "Sao Paulo"]
[Date "1995.??.??"]
[Round "4"]
[White "Leitao, Rafael"]
[Black "Disconzi da Silva, Rodrigo"]
[Result "1-0"]
[WhiteElo "2310"]
[BlackElo "2370"]
[PlyCount "53"]
[EventDate "1995.03.??"]
[Source "ChessBase"]

1. d4 Nf6 2. c4 e6 3. Nc3 Bb4 4. Qb3 Nc6 5. Nf3 d5 6. e3 O-O 7. Ne5 Bxc3+ 8. Qxc3 Nxe5 9. dxe5 Ne4 10. Qc2 Qg5 11. b3 Qxe5 12. Bb2 Qh5 13. Bd3 Nc5 14. Be2 Qh4 15. cxd5 Qb4+ 16. Bc3 Qe4 17. Qb2 e5 18. Bxe5 f6 19. Bd4 Qxg2 20. O-O-O Ne4 21. f3 Ng5 22. Rdg1 Qh3 23. Rg3 Qh6 24. Rhg1 Bf5 25. h4 Qxh4 26. f4 Nh3 27. Rxg7+ 1-0

[Event "Avoine"]
[Site "?"]
[Date "2004.07.??"]
[Round "?"]
[White "Vernay Clovis"]
[Black "Dumitrache Dragos"]
[Result "0-1"]
[WhiteElo "2206"]
[BlackElo "2470"]
[PlyCount "42"]
[EventDate "2004.??.??"]
[Source "www.chesslib.no"]
[SourceDate "2004.05.04"]

1. d4 Nf6 2. c4 e6 3. Nc3 Bb4 4. Qb3 a5 5. Bg5 Nc6 6. e3 a4 7. Qc2 a3 8. Bd3 d5 9. Nge2 axb2 10. Qxb2 Ba3 11. Qd2 Nb4 12. cxd5 exd5 13. O-O Nxd3 14. Qxd3 c6 15. f3 h6 16. Bh4 Be7 17. e4 dxe4 18. fxe4 Ra3 19. e5 Nd5 20. Qg3 Nxc3 21. Nxc3 Qxd4+ 0-1

[Event "NED Ch sf"]
[Site "Enschede NED"]
[Date "1991.??.??"]
[Round "6"]
[White "Pieterse, Gert"]
[Black "Dorenberg, Gaston"]
[Result "1/2-1/2"]
[WhiteElo "2415"]
[BlackElo "2245"]
[PlyCount "84"]
[EventDate "1991.??.??"]
[Source "www.chesslib.no"]
[SourceDate "2004.05.04"]

1. d4 Nf6 2. c4 e6 3. Nc3 Bb4 4. Qb3 c5 5. Nf3 Nc6 6. e3 O-O 7. a3 Bxc3+ 8. Qxc3 d6 9. b4 b6 10. Bb2 Qe7 11. dxc5 dxc5 12. b5 Nb8 13. Bd3 Bb7 14. Ng5 h6 15. Nh7 Rd8 16. Nxf6+ Qxf6 17. Qxf6 gxf6 18. O-O-O Nd7 19. f4 Kf8 20. Rd2 Ke7 21. Rhd1 Nf8 22. Bc2 Rxd2 23. Rxd2 Ng6 24. g3 a6 25. a4 a5 26. Kd1 h5 27. Ke1 f5 28. h4 f6 29. Kf2 Rg8 30. Bd1 Be4 31. Bf3 Bxf3 32. Kxf3 Nh8 33. Rd3 Nf7 34. Bc3 Rg6 35. Be1 Nd6 36. Rc3 Rg8 37. Rc1 Rd8 38. Ke2 Ne4 39. Rc2 e5 40. Rc1 exf4 41. gxf4 Rg8 42. Kf1 Rd8 1/2-1/2

[Event "EU-chT (Women)"]
[Site "Batumi"]
[Date "1999.12.07"]
[Round "9"]
[White "Bosboom Lanchava, Tea"]
[Black "Cmilyte, Viktorija"]
[Result "1/2-1/2"]
[WhiteElo "2297"]
[BlackElo "2354"]
[PlyCount "164"]
[EventDate "1999.11.06"]
[Source "ChessBase"]
[SourceDate "2000.01.11"]

1. d4 Nf6 2. c4 e6 3. Nc3 Bb4 4. Qb3 c5 5. a3 Ba5 6. Nf3 Nc6 7. e3 d5 8. dxc5 Qe7 9. Bd2 Qxc5 10. cxd5 exd5 11. Qa4 Bb6 12. Be2 O-O 13. O-O Bg4 14. Rac1 Rfe8 15. Qf4 Rad8 16. Na4 Qe7 17. Nxb6 axb6 18. h3 Bh5 19. g4 Bg6 20. Bb5 Rc8 21. Rfd1 Red8 22. Be1 Ne4 23. Bd3 Rf8 24. Bb1 Rcd8 25. Ba2 Nc5 26. Rc3 Be4 27. Nd4 Ne6 28. Qg3 Ncxd4 29. exd4 Qf6 30. Qe5 Qxe5 31. dxe5 d4 32. Rcc1 Nf4 33. Rc7 Nxh3+ 34. Kh2 Ng5 35. Bb4 Rc8 36. Rdc1 Bc6 37. Bxf8 Rxc7 38. Bd6 Rc8 39. f4 Ne4 40. Rd1 Nf2 41. Rxd4 Nxg4+ 42. Kg3 Ne3 43. Bb1 Bd7 44. Bb4 Be6 45. Be4 h5 46. Be7 f6 47. exf6 Kf7 48. Bd8 gxf6 49. Kf3 Ng4 50. f5 Ne5+ 51. Kf4 Ba2 52. Bxb6 Rc1 53. Rd2 h4 54. Bd4 Rf1+ 55. Rf2 Re1 56. Bc3 Rxe4+ 57. Kxe4 Bb1+ 58. Kd5 Ng4 59. Rf3 Bxf5 60. Kd6 Be4 61. Rh3 Nh6 62. Kc5 Nf5 63. Rh2 Kg6 64. a4 Kg5 65. b4 Kg4 66. Bxf6 h3 67. Kb6 Nh4 68. Re2 Bf3 69. Rd2 Ng6 70. b5 Bg2 71. a5 Nf4 72. Be5 Kf5 73. Rxg2 hxg2 74. Bd4 Ke4 75. Bg1 Nh3 76. Bc5 Kf3 77. a6 bxa6 78. bxa6 Nf2 79. a7 g1=Q 80. a8=Q+ Ke2 81. Qa2+ Kf1 82. Qc4+ Kg2 1/2-1/2

[Event "It (open)"]
[Site "Schwabisch Gmund (Germany)"]
[Date "2008.01.05"]
[Round "8"]
[White "Schloetzer Waldemar (GER)"]
[Black "Rau Hannes (GER)"]
[Result "1-0"]
[WhiteElo "2223"]
[BlackElo "2428"]
[PlyCount "65"]
[EventDate "2008.??.??"]
[Source "www.chesslib.no"]
[SourceDate "2004.05.04"]

1. d4 Nf6 2. c4 e6 3. Nc3 Bb4 4. Qb3 c5 5. dxc5 Na6 6. Nf3 Ne4 7. Bd2 Nxd2 8. Nxd2 O-O 9. a3 Bxc5 10. e3 b6 11. Be2 Bb7 12. Bf3 Bxf3 13. Nxf3 Be7 14. O-O Qc7 15. Nb5 Qb7 16. Rfd1 Nc5 17. Qc2 Rac8 18. Nd6 Bxd6 19. Rxd6 b5 20. Ng5 f5 21. b4 Na4 22. c5 Rf6 23. Qd2 Rg6 24. c6 Qa8 25. cxd7 Rd8 26. e4 Nb6 27. exf5 exf5 28. Rxb6 Rxg5 29. Qxg5 axb6 30. Qe7 Rf8 31. Re1 h6 32. Qe8 Qd5 33. Qxf8+ 1-0

[Event "POR-chT"]
[Site "Lisboa"]
[Date "1998.05.02"]
[Round "2"]
[White "Silva, Antonio"]
[Black "Galego, Luis"]
[Result "0-1"]
[WhiteElo "2205"]
[BlackElo "2445"]
[PlyCount "84"]
[EventDate "1998.??.??"]
[Source "www.chesslib.no"]
[SourceDate "2004.05.04"]

1. d4 Nf6 2. c4 e6 3. Nc3 Bb4 4. Qb3 c5 5. Bg5 h6 6. Bxf6 Qxf6 7. e3 b6 8. Nf3 Bb7 9. Be2 Nc6 10. a3 Bxc3+ 11. Qxc3 O-O 12. O-O Rac8 13. Rac1 d6 14. dxc5 Qxc3 15. Rxc3 dxc5 16. Rd1 Rc7 17. Rcd3 Rfc8 18. Kf1 Kf8 19. Rd7 Ke8 20. Rxc7 Rxc7 21. g3 Na5 22. Nd2 Ke7 23. Ke1 g5 24. Rc1 Nc6 25. Nf3 g4 26. Nd2 Ne5 27. Kd1 Rc8 28. b4 h5 29. bxc5 Rxc5 30. Rc3 Rc8 31. Kc2 h4 32. e4 hxg3 33. hxg3 Kd6 34. Kb3 Rh8 35. f4 gxf3 36. Bxf3 Rh2 37. c5+ bxc5 38. Nc4+ Nxc4 39. Kxc4 Ba6+ 40. Kb3 c4+ 41. Kb4 Rb2+ 42. Ka5 Rb3 0-1

[Event "BL2-N 9495"]
[Site "GER"]
[Date "1995.??.??"]
[Round "?"]
[White "Breutigam, Martin"]
[Black "Sandien, Michael"]
[Result "1-0"]
[WhiteElo "2345"]
[BlackElo "2305"]
[PlyCount "49"]
[EventDate "1994.??.??"]
[Source "www.chesslib.no"]
[SourceDate "2004.05.04"]

1. d4 Nf6 2. c4 e6 3. Nc3 Bb4 4. Qb3 c5 5. dxc5 Na6 6. a3 Bxc5 7. Nf3 O-O 8. Bg5 Be7 9. Qc2 b6 10. e4 Bb7 11. b4 h6 12. Bh4 d5 13. e5 Ne4 14. Bxe7 Qxe7 15. cxd5 exd5 16. Bxa6 Bxa6 17. Nxd5 Qe6 18. Qxe4 Rad8 19. Nc7 Qb3 20. Nxa6 Qc3+ 21. Ke2 Qb2+ 22. Ke3 Qc3+ 23. Kf4 f5 24. exf6 Rxf6+ 25. Kg3 1-0